000 00896cam a2200253 i 4500
999 _c20359
_d20359
005 20181117163827.0
008 160415s2014 ck afo r 000 0 spa d
020 _a9789589112243
040 _aCO-BoPUJ
_cCO-BoPUJ
_dCO-BoIAVH
041 0 _aspa
044 _ack
082 0 4 _a708.0986126
_bM98c
110 2 _aMuseo de Antioquia
245 1 0 _aContraexpediciones
_bmás allá de los mapas : exposición /
_cMuseo de Antioquia
250 _aPrimera edición.
260 _aMedellín (Colombia) :
_bMuseo de Antioquia,
_c2014.
300 _a164 páginas :
_bilustraciones, fotos y láminas a color,
_c26 x 22 cm
504 _aIncluye referencias bibliográficas.
610 2 4 _aMuseo de Antioquia
_vExposiciones
650 2 4 _aExposiciones en museos
_zAntioquia (Colombia)
650 2 4 _aArte colombiano
650 2 6 _aExpediciones
942 _2ddc
_cLIBRO